El Ateneo de Lima (Record no. 43195)

MARC details
000 -LEADER
campo de control de longitud fija 01333nam a2200217 i 4500
001 - NÚMERO DE CONTROL
campo de control 43195
003 - IDENTIFICADOR DE NÚMERO DE CONTROL
campo de control ES-MaACL
005 - FECHA Y HORA DE LA ÚLTIMA TRANSACCIÓN
campo de control 20251210190641.0
007 - CAMPO FIJO DE DESCRIPCIÓN FÍSICA--INFORMACIÓN GENERAL
campo de control de longitud fija t|
008 - DATOS DE LONGITUD FIJA--INFORMACIÓN GENERAL
campo de control de longitud fija 030317s1888 pe ||||1| spa d
245 03 - MENCIÓN DEL TÍTULO
Título El Ateneo de Lima
Resto del título : certamen literario.
260 ## - PUBLICACIÓN, DISTRIBUCIÓN, ETC.
Lugar de publicación, distribución, etc. Perú :
Nombre del editor, distribuidor, etc. [s.n.],
Fecha de publicación, distribución, etc. 1888 (
Fabricante Imp. de Torres Aguirre)
300 ## - DESCRIPCIÓN FÍSICA
Extensión P. [81]-248 ;
Dimensiones 29 cm.
500 ## - NOTA GENERAL
Nota general En la cubierta: "Reunimos en el presente volumen, que abraza los números 61 á 64 del "Ateneo," correspondiente á los meses de Agosto y Setiembre, los trabajos relativos al Certamen Literario con que esta Sociedad celebró, el 2 de agosto de 1888, el aniversario de su renacimiento"
505 8# - NOTA DE CONTENIDO CON FORMATO
Nota de contenido con formato Contiene: Programa del Concurso -- Actas del Jurado -- Programa de la Velada -- Discurso del Presidente del Ateneo -- Informes de las Comisiones -- La Invasión (leyenda histórica) por Carlos G. Amézaga -- El hombre de bien (comedia) por Juan F. de Aycinena -- La sucesión de los Incas por el Dr. P. Patron -- Al volver a la patria por Lastenia L. de Llona -- Bibliografía y crítica histórica por E. Larrabure y Unánue
590 0# - NOTA LOCAL (RLIN)
Nota local Datos para la descripción tomados de la cubierta.
700 1# - ENTRADA AGREGADA--NOMBRE PERSONAL
Nombre de persona Amézaga, Carlos Germán,
Fechas asociadas al nombre 1862-1906
9 (RLIN) 166972
710 0# - ENTRADA AGREGADA--NOMBRE DE ENTIDAD CORPORATIVA
Nombre de entidad corporativa o nombre de jurisdicción como elemento de entrada Ateneo de Lima.
9 (RLIN) 1872
852 ## - LOCALIZACIÓN
Ubicación ES-MaACL
Número de control de estantería T-501-F-3
Holdings
Estatus retirado Estado de pérdida Estado de daño No para préstamo Colección Biblioteca de origen Biblioteca actual Ubicación en estantería Fecha de adquisición Fuente de adquisición Total de préstamos Signatura topográfica completa Código de barras Visto por última vez Precio de reemplazo Tipo de ítem Koha
        Colección de folletos Biblioteca del Ateneo de Madrid Biblioteca del Ateneo de Madrid Depósito folletos 17/01/2008     T-501-F-3 1045467 23/02/2023 23/02/2023 Folleto